Atlas de Barcelona (Record no. 66282)
[ view plain ]
| 000 -LEADER | |
|---|---|
| campo de control de longitud fija | 01025nam a2200253 i 4500 |
| 001 - NÚMERO DE CONTROL | |
| campo de control | 66282 |
| 003 - IDENTIFICADOR DE NÚMERO DE CONTROL | |
| campo de control | ES-MaACL |
| 005 - FECHA Y HORA DE LA ÚLTIMA TRANSACCIÓN | |
| campo de control | 20230906165604.0 |
| 007 - CAMPO FIJO DE DESCRIPCIÓN FÍSICA--INFORMACIÓN GENERAL | |
| campo de control de longitud fija | t| |
| 008 - DATOS DE LONGITUD FIJA--INFORMACIÓN GENERAL | |
| campo de control de longitud fija | 040203s1972 sp ||||1| spa d |
| 100 1# - ENTRADA PRINCIPAL--NOMBRE DE PERSONA | |
| Nombre de persona | Galera, Montserrat. |
| 9 (RLIN) | 53380 |
| 245 10 - MENCIÓN DEL TÍTULO | |
| Título | Atlas de Barcelona |
| Resto del título | : (siglos XVI-XX) / |
| Mención de responsabilidad, etc. | Montserrat Galera, Francesc Roca, Salvador Tarragó ; presentación por Pau Vila. |
| 260 ## - PUBLICACIÓN, DISTRIBUCIÓN, ETC. | |
| Lugar de publicación, distribución, etc. | Barcelona : |
| Nombre del editor, distribuidor, etc. | Asesoría Técnica de Ediciones, |
| Fecha de publicación, distribución, etc. | [1972] |
| 300 ## - DESCRIPCIÓN FÍSICA | |
| Extensión | 538 p., 146 lám. : |
| Otras características físicas | planos ; |
| Dimensiones | 25 x 30 cm. |
| 490 1# - MENCIÓN DE SERIE | |
| Mención de serie | Publicaciones del Colegio Oficial de Arquitectos de Cataluña y Baleares |
| 651 #4 - PUNTO DE ACCESO ADICIONAL DE MATERIA--NOMBRE GEOGRÁFICO | |
| Nombre geográfico | Barcelona- |
| Subdivisión de forma | Planos. |
| 9 (RLIN) | 161190 |
| 700 1# - ENTRADA AGREGADA--NOMBRE PERSONAL | |
| Nombre de persona | Roca i Martínez, Francesc. |
| 9 (RLIN) | 162902 |
| 700 1# - ENTRADA AGREGADA--NOMBRE PERSONAL | |
| Nombre de persona | Tarragó, Salvador. |
| 9 (RLIN) | 109325 |
| 700 1# - ENTRADA AGREGADA--NOMBRE PERSONAL | |
| Nombre de persona | Vila, Pau ( |
| Fechas asociadas al nombre | 1881-1980) |
| 9 (RLIN) | 114700 |
| 710 2# - ENTRADA AGREGADA--NOMBRE DE ENTIDAD CORPORATIVA | |
| Nombre de entidad corporativa o nombre de jurisdicción como elemento de entrada | Colegio Oficial de Arquitectos de Cataluña y Baleares. |
| 9 (RLIN) | 2956 |
| 830 1# - PUNTO DE ACCESO ADICIONAL DE SERIE-TÍTULO UNIFORME | |
| Título uniforme | Publicaciones del Colegio Oficial de Arquitectos de Cataluña y Baleares |
| 9 (RLIN) | 182992 |
| 852 ## - LOCALIZACIÓN | |
| Ubicación | ES-MaACL |
| Número de control de estantería | C-52308 |
| Estatus retirado | Estado de pérdida | Estado de daño | No para préstamo | Biblioteca de origen | Biblioteca actual | Ubicación en estantería | Fecha de adquisición | Fuente de adquisición | Total de préstamos | Signatura topográfica completa | Código de barras | Visto por última vez | Precio de reemplazo | Tipo de ítem Koha |
|---|---|---|---|---|---|---|---|---|---|---|---|---|---|---|
| Biblioteca del Ateneo de Madrid | Biblioteca del Ateneo de Madrid | Depósito 2 | 17/01/2008 | C-52308 | 1069440 | 23/02/2023 | 23/02/2023 | Libro impreso |
